00546nam a2200193Ia 4500003000900000008004100009040001300050040001300063041000800076100001800084245001500102250001200117260000900129300001000138490000600148942000700154999001100161952018000172IT-RoPAU120407s9999 xx 000 0 und d aIT-RoPAU cIT-RoPAU aeng aJohn Stirling 4aThe Bible. aLondon  c1984 c19 cm v1 cBK c25d25 00102ddc406220_20000000000000071aPAULUSbPAULUSd2012-04-11l0o220.2r2012-04-11 00:00:00w2012-04-11yBKzInserito da: In data: n.d. fondo: Via A.Severo 56 Progr:35037